000 00868cam a2200205 4500
001 WB3825-21
008 020711n2002 000 0 eng u
035 _a(Sirsi) u118784
245 _aRICS urges Commission to rethink
260 _c2002
490 _aRICS Press Release
_v(085) 10 July 2002, (2)
520 _aRICS has urged European Commission to rethink its proposals to reform the Common Agricultural Policy. Policies to switch subsidies from agricultural production to environmental schemes (modulation) could result in 22% reduction in average net farm income in UK. RICS Press Release www.rics.org/ricscms/bin/show?class=PressRelease&template=/includes/showpr.html&id=768
590 _aWB
650 _aMODULATION
650 _aCOMMON AGRICULTURAL POLICY
650 _aCAP
650 _aAGRICULTURAL POLICY
690 _aRural
_96268
942 _n0
999 _c70718
_d70718